000 00803nam a22002177a 4500
999 _c19358
_d19358
003 AR-CdUCM
008 190517b ||||| |||| 00| 0 spa d
040 _aMUNICIPALIDAD PROVINCIAL DEL CUSCO
_cBIBLIOTECA MUNICIPAL DEL CUSCO
082 _a347.5 /
_bI23
100 _aIbañez Velarde, José
_940650
245 _aLa letra de cambio /
_ben el derecho peruano /
260 _aLima :
_bVictory,
_c1959.
300 _a99 páginas ;
_c22 cm.
505 _aContenido: Requisitos esenciales de la letra de cambio -- Del endoso -- De la aceptación -- Del aval -- De los ejemplares duplicados y de las copias...
650 _aLetra de cambio
_928688
650 _aLegislación
_92962
650 _aJurisprudencia
_9927
650 _aConcordancias
_940651
942 _2ddc
_cLIBROS
945 _aacv
_d2019-05-17